| 000 | 00399nam a2200145Ia 4500 | ||
|---|---|---|---|
| 008 | 220217s9999||||xx |||||||||||||| ||und|| | ||
| 020 | _a81-315-0213-9 | ||
| 082 | _a004.65 TOM | ||
| 100 |
_aTomsho, Greg. Tittel, Ed and Johnson, David _96076 |
||
| 245 | 0 | _aGuide networking essentials | |
| 250 | _a5th | ||
| 260 |
_aThomson _bAustralia _c2007 |
||
| 300 | _b433 | ||
| 650 | _aCOMPUTER NETWORK | ||
| 999 |
_c177419 _d177419 |
||